[Event "Barcelona Tres Peons op-B 15th"]
[Site "Barcelona"]
[Date "2013.01.25"]
[Round "3"]
[White "Jimenez Sanchez, Joan R"]
[Black "Pascual Soro, Antonio"]
[Result "0-1"]
[WhiteElo "1820"]
[BlackElo "1662"]
[PlyCount "38"]
[EventDate "2013.01.11"]
[EventType "swiss"]
[EventRounds "9"]
[EventCountry "ESP"]
[SourceTitle "EXT 2014"]
[Source "ChessBase"]
[SourceDate "2013.11.20"]
[SourceVersion "1"]
[SourceVersionDate "2013.11.20"]
[SourceQuality "1"]

1. e4 c5 2. Nf3 e6 3. d4 cxd4 4. Nxd4 Nf6 5. Nc3 Qb6 6. e5 Bc5 7. exf6 Bxd4 8. Ne4 gxf6 9. c3 f5 10. Be3 Bxe3 11. Nd6+ Ke7 12. Nxc8+ Rxc8 13. fxe3 Qxe3+ 14. Be2 Nc6 15. Qb3 Rg8 16. Rd1 Rxg2 17. Qa3+ Kf6 18. Rd2 Ne5 19. Kd1 Nc4 0-1

[Event "Barcelona La Lira op 30th"]
[Site "Barcelona"]
[Date "2012.01.27"]
[Round "2"]
[White "Pascual Soro, Antonio"]
[Black "Flores Linan, Josep Luis"]
[Result "0-1"]
[WhiteElo "1650"]
[BlackElo "1918"]
[PlyCount "64"]
[EventDate "2012.01.20"]
[EventType "swiss"]
[EventRounds "8"]
[EventCountry "ESP"]
[SourceTitle "EXT 2013"]
[Source "ChessBase"]
[SourceDate "2012.11.22"]
[SourceVersion "1"]
[SourceVersionDate "2012.11.22"]
[SourceQuality "1"]

1. d4 Nf6 2. Nf3 g6 3. Nc3 Bg7 4. e4 d6 5. Be3 0-0 6. Qd2 Ng4 7. Bg5 Nd7 8. h3 Ngf6 9. Bd3 c5 10. Bh6 cxd4 11. Nxd4 Qb6 12. Bxg7 Kxg7 13. Nf3 Nc5 14. 0-0 Be6 15. g4 Rac8 16. Nd4 Bd7 17. b3 e5 18. Nde2 Bc6 19. Ng3 Ne6 20. g5 Nh5 21. Nxh5+ gxh5 22. Nd5 Bxd5 23. exd5 Nf4 24. Kh2 Qd4 25. Rad1 Rc3 26. Qe3 Qxd5 27. Qe4 Qxe4 28. Bxe4 Rxh3+ 29. Kg1 Rd8 30. Bf5 Rf3 31. Rd2 Ne2+ 32. Rxe2 Rxf5 0-1

[Event "Barcelona Amateur op-E 7th"]
[Site "Barcelona"]
[Date "2009.02.03"]
[Round "1"]
[White "Moranta Miro, Antoni"]
[Black "Pascual Soro, Antonio"]
[Result "1-0"]
[WhiteElo "2033"]
[BlackElo "1693"]
[PlyCount "53"]
[EventDate "2009.02.03"]
[EventType "swiss"]
[EventRounds "8"]
[EventCountry "ESP"]
[SourceTitle "EXT 2011"]
[Source "ChessBase"]
[SourceDate "2010.11.26"]
[SourceVersion "1"]
[SourceVersionDate "2010.11.26"]
[SourceQuality "1"]

1. d4 Nf6 2. Bg5 Ne4 3. Bf4 d6 4. f3 Nf6 5. e4 Nbd7 6. Nc3 Nh5 7. Be3 c6 8. a4 Qc7 9. Bc4 e5 10. Nge2 Nb6 11. Bb3 Be7 12. 0-0 Be6 13. a5 Nc4 14. Bxc4 Bxc4 15. b3 Ba6 16. Re1 g5 17. g3 Qd7 18. dxe5 Rg8 19. Kg2 Nf4+ 20. Nxf4 gxf4 21. Bxf4 b5 22. exd6 Bh4 23. e5 Bc8 24. e6 fxe6 25. Be5 Bb7 26. Ne4 c5 27. Nxc5 1-0